| 000 | 00570nam a2200193 a 4500 | ||
|---|---|---|---|
| 001 | 5927 | ||
| 003 | CDMR | ||
| 005 | 20131009113214.0 | ||
| 008 | 130220s2004||||||||||||||||||||||||||||d | ||
| 020 | _a8497910605 | ||
| 040 |
_aCDMR _bcat _cCDMR |
||
| 100 | 1 |
_aFolch i Torres, Josep Maria _92943 |
|
| 245 | 1 | 0 |
_aCavalcant l'ideal _b: articles de batalla _cJosep M. Folch i Torres ; a cura d'Eulàlia Pérez Vallverdú |
| 260 |
_aValls _bCossetània _c2004 |
||
| 300 |
_a140 p ; _c17 cm |
||
| 490 | 0 |
_aMemòria del segle XX _v3 |
|
| 630 | _aRecull d'articles | ||
| 942 |
_cMON _2udc |
||
| 999 |
_c5927 _d5927 |
||